00498nam a22001937a 450000500170000001000110001702000100002803500110003803700170004904000120006608200160007810000160009424500630011026000380017327000340021130000210024565000200026665000180028620170124110057.0 a785730 c00.00 a785730 bCen Lib/ Ret aDPLbEN a615.58bGAR aGarde, R.K. aPrinciples and practice of Yoga therapy /cby GR.K. Garde  aBritain bwolfe publishing c1975 a10 Eearlham street bBritain  a128p. c19cm(Hb) aHealth science  aYoga therapy